Encouraging responsible letting (Record no. 107261)
[ view plain ]
| 000 -LEADER | |
|---|---|
| fixed length control field | 01792cad a22002415a 4500 |
| 001 - CONTROL NUMBER | |
| control field | L138842 |
| 008 - FIXED-LENGTH DATA ELEMENTS--GENERAL INFORMATION | |
| fixed length control field | 110516s2007 xxk f f000 0 eng d |
| 035 ## - SYSTEM CONTROL NUMBER | |
| System control number | (Sirsi) u138842 |
| 041 0# - LANGUAGE CODE | |
| Language code of text/sound track or separate title | eng |
| 050 04 - LIBRARY OF CONGRESS CALL NUMBER | |
| Classification number | 346.4104342 $2 18 |
| 110 1# - MAIN ENTRY--CORPORATE NAME | |
| Corporate name or jurisdiction name as entry element | England and Wales |
| Subordinate unit | Law Commission |
| 9 (RLIN) | 3302 |
| 245 00 - TITLE STATEMENT | |
| Title | Encouraging responsible letting |
| Remainder of title | a consultation paper |
| Medium | [electronic resource] |
| 260 ## - PUBLICATION, DISTRIBUTION, ETC. | |
| Place of publication, distribution, etc. | London |
| Name of publisher, distributor, etc. | Law Commission |
| Date of publication, distribution, etc. | 2007 |
| 490 #0 - SERIES STATEMENT | |
| Series statement | Law Commission Consultation Paper |
| Volume/sequential designation | 181 |
| 505 2# - FORMATTED CONTENTS NOTE | |
| Formatted contents note | Introduction -- The private rented sector today -- The regulatory deficit -- Encouraging compliance: costs and benefits -- The development of regulatory theory: an outline -- Regulating the private rented sector: the approach to date -- Proposals for change -- Enforced self-regulation in practice -- Home condition certification -- Responding the this paper |
| 520 ## - SUMMARY, ETC. | |
| Summary, etc. | In the third stage of its housing law reform programme (see also L138746 and L133508) the Law Commission considers how the management of rental property within the private rented sector can be improved. The consultation focuses on the issues of repair and maintenance of the property and harassment and unlawful eviction. It proposes that there should be a scheme of enforced self-regulation based on a partnership between parties representing landlords and their agents and government. Consultation responses required by 12 October 2007. |
| 590 ## - LOCAL NOTE (RLIN) | |
| Local note | KA NTK |
| 650 24 - SUBJECT ADDED ENTRY--TOPICAL TERM | |
| Topical term or geographic name entry element | TENANCY DEPOSIT SCHEME (TDS) |
| 651 #4 - SUBJECT ADDED ENTRY--GEOGRAPHIC NAME | |
| Geographic name | England and Wales |
| Chronological subdivision | 1543- |
| 690 ## - LOCAL SUBJECT ADDED ENTRY--TOPICAL TERM (OCLC, RLIN) | |
| Topical term or geographic name as entry element | PROPERTY-RESIDENTIAL PROPERTY-RESIDENTIAL LANDLORD AND TENANT |
| 856 40 - ELECTRONIC LOCATION AND ACCESS | |
| Uniform Resource Identifier | <a href="https://www.justice.gov.uk/lawcommission/docs/cp181_Housing_Encouraging_Responsible_Letting_Consultation.pdf">https://www.justice.gov.uk/lawcommission/docs/cp181_Housing_Encouraging_Responsible_Letting_Consultation.pdf</a> |
| Public note | View the consultation paper free of charge at www.justice.gov.uk |
| 942 ## - ADDED ENTRY ELEMENTS (KOHA) | |
| Suppress in OPAC | 0 |
| Withdrawn status | Lost status | Source of classification or shelving scheme | Damaged status | Not for loan | Home library | Current library | Shelving location | Date acquired | Total Checkouts | Full call number | Barcode | Date last seen | Copy number | Price effective from | Koha item type |
|---|---|---|---|---|---|---|---|---|---|---|---|---|---|---|---|
| Dewey Decimal Classification | Virtual | Virtual | Online | 16/07/2007 | ONLINE PUBLICATION | 138842-2001 | 06/08/2019 | 1 | 06/08/2019 | Book |